[Event "FRM-chT2 GpB"]
[Site "Ohrid"]
[Date "2021.07.03"]
[Round "1.1"]
[White "Gecovski, Goce"]
[Black "Kizov, Vladimir"]
[Result "1-0"]
[WhiteElo "2177"]
[BlackElo "2201"]
[PlyCount "72"]
[EventDate "2021.07.03"]
[EventType "team-tourn"]
[EventRounds "5"]
[EventCountry "MKD"]
[SourceTitle "EXT 2022"]
[Source "ChessBase"]
[SourceDate "2021.10.06"]
[SourceVersion "1"]
[SourceVersionDate "2021.10.06"]
[SourceQuality "1"]
[WhiteTeam "Bitola Shah Sheh"]
[BlackTeam "Negotino"]
[WhiteTeamCountry "MKD"]
[BlackTeamCountry "MKD"]

1. Nf3 Nf6 2. c4 g6 3. Nc3 Bg7 4. e4 d6 5. d4 0-0 6. Be2 e5 7. 0-0 exd4 8. Nxd4 Re8 9. f3 Nc6 10. Be3 Nh5 11. Kh1 f5 12. c5 f4 13. Bc4+ Kh8 14. Nxc6 bxc6 15. Bf2 Be5 16. Re1 Qf6 17. cxd6 cxd6 18. Qd2 Ng7 19. Rad1 Be6 20. Ba6 Rab8 21. Bd4 Red8 22. b3 c5 23. Bxe5 dxe5 24. Qc2 Bxb3 25. axb3 Qxa6 26. Rxd8+ Rxd8 27. Nd5 Qa5 28. Rc1 Ne6 29. b4 Qa3 30. bxc5 Rc8 31. c6 Nd4 32. Qb1 Rxc6 33. Qb8+ Kg7 34. Qxe5+ Kh6 35. Qxf4+ g5 36. Rxc6+ Nxc6 1-0

[Event "Macedonian op"]
[Site "Struga"]
[Date "2002.07.28"]
[Round "9"]
[White "Kizov, Vladimir"]
[Black "Ivanov, Ivan Vl"]
[Result "0-1"]
[WhiteElo "2211"]
[BlackElo "2093"]
[PlyCount "46"]
[EventDate "2002.07.20"]
[EventType "swiss"]
[EventRounds "9"]
[EventCountry "MKD"]
[SourceTitle "CBM 089 Extra"]
[Source "ChessBase"]
[SourceDate "2002.09.10"]
[SourceVersion "2"]
[SourceVersionDate "2002.09.10"]
[SourceQuality "1"]

1. e4 c6 2. d4 d5 3. Nd2 dxe4 4. Nxe4 Nd7 5. Ng5 Ngf6 6. Bd3 e6 7. N1f3 Bd6 8. Qe2 h6 9. Ne4 Nxe4 10. Qxe4 Qc7 11. Qg4 Kf8 12. 0-0 c5 13. b3 e5 14. c3 cxd4 15. Bf5 Nf6 16. Qh3 Qxc3 17. Bd2 Bxf5 18. Qxf5 Qc8 19. Qd3 Qd7 20. Qe2 Re8 21. Rfc1 g6 22. Rc4 Kg7 23. Rac1 Qf5 0-1

[Event "Skopje op"]
[Site "Skopje"]
[Date "1998.12.20"]
[Round "9"]
[White "Veleski, Robert"]
[Black "Kizov, Vladimir"]
[Result "1-0"]
[WhiteElo "2255"]
[BlackElo "2230"]
[PlyCount "63"]
[EventDate "1998.12.??"]
[EventType "swiss"]
[EventRounds "9"]
[EventCountry "MKD"]
[SourceTitle "EXT 2000"]
[Source "ChessBase"]
[SourceDate "1999.11.16"]
[SourceVersion "1"]
[SourceVersionDate "1999.11.16"]
[SourceQuality "1"]

1. e4 e5 2. Nf3 Nc6 3. Bc4 Nf6 4. d3 h6 5. Nc3 d6 6. h3 g6 7. Be3 Bg7 8. Qd2 Ne7 9. 0-0-0 d5 10. exd5 Nfxd5 11. Bc5 b6 12. Ba3 c5 13. Nxd5 Nxd5 14. Nxe5 0-0 15. Nc6 Qd6 16. Bxd5 Bb7 17. d4 Bxc6 18. dxc5 Qf6 19. Bxc6 Qxc6 20. Qd5 Qf6 21. Qf3 Qe6 22. Qb3 Qc6 23. cxb6 Rfb8 24. Rd6 Qxg2 25. Rhd1 axb6 26. Qd5 Qxf2 27. Rxg6 Qe3+ 28. Kb1 Re8 29. Bb4 Rac8 30. Rdg1 Rcd8 31. Rxg7+ Kh8 32. Rh7+ 1-0

[Event "Skopje op"]
[Site "Skopje"]
[Date "1998.12.19"]
[Round "8"]
[White "Kizov, Vladimir"]
[Black "Colovic, Aleksandar"]
[Result "1/2-1/2"]
[WhiteElo "2230"]
[BlackElo "2390"]
[PlyCount "23"]
[EventDate "1998.12.??"]
[EventType "swiss"]
[EventRounds "9"]
[EventCountry "MKD"]
[SourceTitle "EXT 2000"]
[Source "ChessBase"]
[SourceDate "1999.11.16"]
[SourceVersion "1"]
[SourceVersionDate "1999.11.16"]
[SourceQuality "1"]

1. e4 c5 2. Nf3 e6 3. d4 cxd4 4. Nxd4 a6 5. Nc3 b5 6. Bd3 Qb6 7. Nde2 Bb7 8. 0-0 d6 9. a4 b4 10. a5 Qc7 11. Na4 Nd7 12. Be3 1/2-1/2

[Event "Skopje op"]
[Site "Skopje"]
[Date "1998.12.13"]
[Round "2"]
[White "Kizov, Vladimir"]
[Black "Danchevski, Orce"]
[Result "0-1"]
[WhiteElo "2230"]
[BlackElo "2405"]
[PlyCount "70"]
[EventDate "1998.12.??"]
[EventType "swiss"]
[EventRounds "9"]
[EventCountry "MKD"]
[SourceTitle "EXT 2000"]
[Source "ChessBase"]
[SourceDate "1999.11.16"]
[SourceVersion "1"]
[SourceVersionDate "1999.11.16"]
[SourceQuality "1"]

1. e4 c5 2. Nf3 g6 3. d4 cxd4 4. Qxd4 Nf6 5. e5 Nc6 6. Qa4 Nd5 7. Qe4 Ndb4 8. c3 d5 9. Qe2 Na6 10. Qd1 Nc7 11. Bf4 Bg7 12. Be2 Bg4 13. Nbd2 Ne6 14. Bg3 Nc5 15. 0-0 0-0 16. Nd4 Bxe2 17. Qxe2 Qb6 18. N2b3 Ne6 19. Nf3 a5 20. Rfd1 a4 21. Nbd4 Ncxd4 22. Nxd4 a3 23. b3 Nxd4 24. Rxd4 e6 25. Rad1 Rfc8 26. R4d3 Qc5 27. Bf4 b5 28. Be3 Qf8 29. Bd4 b4 30. Rc1 Rc6 31. Rc2 Rac8 32. g3 R8c7 33. f4 Qc8 34. Qe3 Bf8 35. Bb6 Rxb6 0-1

[Event "Nis op"]
[Site "Nis"]
[Date "1997.??.??"]
[Round "2"]
[White "Kizov, Vladimir"]
[Black "Ivanisevic, Ivan"]
[Result "0-1"]
[WhiteElo "2225"]
[BlackElo "2450"]
[PlyCount "80"]
[EventDate "1997.??.??"]
[EventType "swiss"]
[EventRounds "11"]
[EventCountry "YUG"]
[SourceTitle "EXT 2002"]
[Source "ChessBase"]
[SourceDate "2001.11.25"]
[SourceVersion "1"]
[SourceVersionDate "2001.11.25"]
[SourceQuality "1"]

1. e4 c5 2. Nf3 Nc6 3. d4 cxd4 4. Nxd4 Qc7 5. Nc3 e6 6. Be2 a6 7. 0-0 Nf6 8. Be3 Bb4 9. Na4 0-0 10. c4 Bd6 11. g3 Nxe4 12. Bf3 f5 13. Bxe4 fxe4 14. Nxc6 bxc6 15. c5 Be5 16. Qc2 a5 17. Qxe4 Rb8 18. Nb6 Rf5 19. f4 Bxb2 20. Rab1 Ba3 21. Nxc8 Qxc8 22. g4 Rd5 23. f5 exf5 24. Rxf5 Rxb1+ 25. Qxb1 d6 26. cxd6 Bxd6 27. Qe4 Rxf5 28. gxf5 Qd7 29. Kg2 Bc7 30. h3 Kf7 31. Kf2 Qd5 32. Qc2 Kf6 33. Kg1 Be5 34. h4 h6 35. Qb1 Qf3 36. Bf2 Qxf5 37. Qb6 Qg4+ 38. Kf1 Qd1+ 39. Kg2 Qd5+ 40. Kf1 Qb5+ 0-1